Irwin Law: Bank and Customer Law in Canada (First Edition) /

Detalles Bibliográficos
Autor principal: Ogilvie, M.H
Otros Autores: Scotia, Nova
Formato: eBook
Lenguaje:inglés
Publicado: Toronto: Irwin Law Inc., 2007
Edición:First Edition
Materias:
Acceso en línea:Acceso restringido

MARC

LEADER 00000nam a22000007a 4500
005 20171031192735.0
007 cr|||| ||||
008 171031s2007 xxc|||||s|||| 00||0 eng d
020 |a 978-1-55221-136-6 
035 |a 20643 
040 |a vLex 
090 |c 7185  |d 7185 
100 1 |a Ogilvie, M.H. 
245 1 0 |a Irwin Law:   |h [Recurso electrn̤ico] :  |b Bank and Customer Law in Canada (First Edition) /  |c M.H. Ogilvie - LSM, B.A., LL.B., M.A., D.Phil., D.D., F.R.S.C. Of the Bars of Ontario and Nova Scotia Chancellor’s Professor and Professor of Law, Carleton University  
250 |a First Edition 
256 |a Servicio en ln̕ea 
260 |a Toronto:  |b Irwin Law Inc.,  |c 2007 
300 |a 1 recurso electrn̤ico 
506 1 |a Disponible solo en los productos indicados  |d vLex Global  |d vLex Global (Academic Edition, excluding Law Schools)  |d vLex Global (U.S. Academic Edition, Law Schools)  |d vLex Global (U.S. Academic Edition, excluding Law Schools)  |d vLex Global (Academic Edition, Law Schools) 
650 0 4 |a Derecho Cambiario y Burst̀il  |z Canad̀ 
650 0 4 |a Cd̤igo de Comercio y Registro Mercantil  |z Canad̀ 
650 0 4 |a Consumidores  |z Canad̀ 
700 1 |a Scotia, Nova 
740 0 |a vLex Libros (Servicio en linea) 
856 4 0 |z Acceso restringido  |u http://vlex.com/source/bank-customer-law-canada-20643 
942 |c BOOK 
999 0 |a Commercial law--Codification 
999 0 |a Business enterprises - Registration and transfer